Normal view
MARC view
- Ciencias Sociales
Entry Materia
001 - NÚMERO DE CONTROL DEL REGISTRO
- campo de control: 10428
003 - IDENTIFICADOR DE NUMERO DE CONTROL
- campo de control: MX-MxUPN
005 - FECHA Y HORA DE LA ÚLTIMA TRANSACCIÓN
- campo de control: 20251112110338.0
008 - DATOS DE LONGITUD FIJA
- campo de control de longitud fija: 251112nabacnnnaabn b |nc |d
035 ## - NÚMERO DE CONTROL DEL SISTEMA
- Número de control del sistema: UPN10000010435
040 ## - FUENTE DE LA CATALOGACIÓN
- Lengua de catalogación: spa
- Agencia de transcripción: MX-MxUPN
053 #4 - NÚMERO CLASIFICADOR - BIBLIOTECA DEL CONGRESO (LC)
- Elemento numérico de la clasificación - Número único o no. inicial del rango: LB1584.5
150 ## - ENCABEZAMIENTO - TEMÁTICO
- Término de materia o nombre geográfico como elemento inicial: Ciencias Sociales
- Subdivisión geográfica: España
- Subdivisión de forma: Congresos
670 ## - FUENTE EN LA QUE SE LOCALIZARON DATOS
- Cita de la fuente: LC
- Información localizada: Social sciences - Mexico - Congresses
902 ## - CATALOGADOR
- Catalogador: PN/310103
902 ## - CATALOGADOR
- Catalogador: Berenice Martínez/121125
